American Leadership

Uloženo v:
Podrobná bibliografie
Médium: Elektronický zdroj E-kniha
Jazyk:angličtina
Vydáno: US News and World Report 2004
Témata:
On-line přístup:Available in Education Source.
Tagy: Přidat tag
Žádné tagy, Buďte první, kdo vytvoří štítek k tomuto záznamu!

MARC

LEADER 00000nam a22000002 4500
001 ebs495373e
003 EBZ
006 m d ||||||
007 cr|unu||||||||
008 210608nuuuuuuuuxx |||| o|||||||||||eng|d
035 |a (EBZ)ebs495373e 
040 |a EBZ 
042 |a msc 
050 0 0 |a JK 
130 0 |a American Leadership (Online) 
245 0 0 |a American Leadership  |h [electronic resource]. 
260 |b US News and World Report  |c 2004 
650 0 7 |a Public Policy & Administration  |2 EBSCO-TLI 
773 0 |t Education Source   |d EBSCO 
856 4 0 |3 Full text available: Jan 2004.  |z Available in Education Source.  |u https://researchs.unach.elogim.com/direct.asp?db=eue&jid=15I&scope=site